All 50+ 'O' Girl Names that have ever ranked in the top 1000 (US) - Statistics

General Stats
  • This quiz has been taken 63 times
  • The average score is 27 of 70
Answer Stats
Highest Rank Female Name % Correct
687 Olevia
100%
1 Olivia
100%
83 Olive
96%
721 Olie
86%
96 Ollie
86%
140 Ola
82%
802 Orrie
82%
313 Ona
78%
569 Ofelia
76%
232 Ophelia
76%
130 Olga
73%
104 Ora
73%
794 Orah
73%
877 Orra
73%
276 Oma
71%
843 Odette
61%
629 Osie
61%
553 Ossie
61%
865 Ozie
61%
85 Opal
57%
833 Octa
49%
247 Octavia
49%
498 Oda
49%
721 Ova
49%
446 Oaklee
45%
507 Oakleigh
45%
153 Oakley
45%
1000 Olena
45%
615 Osa
41%
728 Ota
41%
280 Odessa
39%
527 Oaklyn
37%
156 Oaklynn
37%
755 Ocean
35%
416 Ottilie
33%
886 Olene
31%
765 Oline
31%
889 Oliva
31%
510 Odie
27%
661 Oralia
27%
839 Orelia
27%
606 Ottie
27%
706 Odelia
24%
722 Omie
24%
999 Oney
24%
494 Onie
24%
955 Onnie
24%
421 Oleta
18%
854 Olympia
16%
478 Odell
14%
793 Odile
14%
907 Olivine
14%
713 Otelia
14%
686 Ottilia
14%
436 Ocie
12%
883 Oneta
8%
914 Orlena
8%
835 Octavie
6%
665 Orilla
6%
263 Orpha
6%
921 Olinda
4%
975 Oneida
4%
924 Opha
4%
844 Orma
4%
982 Otha
4%
992 Ozell
4%
707 Ozella
4%
607 Ouida
2%
901 Odalis
0%
953 Odalys
0%
No matching quizzes found
Score Distribution
Percent of People with Each Score
Percentile by Number Answered
Your Score History
You have not taken this quiz